[Event "Greek Team Championship"]
[Site "chess24.com"]
[Date "2017.07.04"]
[Round "2"]
[White "Mista, Aleksander"]
[Black "Grigorov, Grigor"]
[Result "1/2-1/2"]
[Board "1"]
[WhiteElo "2605"]
[WhiteTitle "GM"]
[WhiteCountry "POL"]
[WhiteFideId "1110381"]
[WhiteEloChange "-1"]
[BlackElo "2503"]
[BlackTitle "GM"]
[BlackCountry "BUL"]
[BlackFideId "2907313"]
[BlackEloChange "1"]

1. e4 {[%clk 1:30:56]} g6 {[%clk 1:30:53]} 2. d4 {[%clk 1:31:21]} Bg7 {[%clk
1:31:18]} 3. Nf3 {[%clk 1:31:44]} d6 {[%clk 1:31:39]} 4. Bc4 {[%clk 1:31:26]} Nf6
{[%clk 1:31:53]} 5. Qe2 {[%clk 1:31:51]} O-O {[%clk 1:32:07]} 6. O-O {[%clk
1:31:30]} Bg4 {[%clk 1:31:26]} 7. Nbd2 {[%clk 1:25:42]} Nc6 {[%clk 1:29:50]} 8.
c3 {[%clk 1:12:05]} e5 {[%clk 1:28:20]} 9. d5 {[%clk 0:58:07]} Ne7 {[%clk
1:27:08]} 10. h3 {[%clk 0:58:04]} Bd7 {[%clk 1:27:04]} 11. Nh2 {[%clk 0:56:05]}
Bh6 {[%clk 1:07:46]} 12. Nb3 {[%clk 0:50:19]} Bxc1 {[%clk 1:07:37]} 13. Raxc1
{[%clk 0:46:09]} Nh5 {[%clk 1:04:50]} 14. Rfd1 {[%clk 0:44:20]} Kg7 {[%clk
1:01:27]} 15. Qe1 {[%clk 0:33:10]} f5 {[%clk 0:58:27]} 16. Nd2 {[%clk 0:25:40]}
Nf4 {[%clk 0:49:43]} 17. Bf1 {[%clk 0:25:23]} fxe4 {[%clk 0:49:31]} 18. c4 {[%clk
0:23:42]} Nf5 {[%clk 0:45:57]} 19. Qxe4 {[%clk 0:23:42]} Nd4 {[%clk 0:43:44]} 20.
Ndf3 {[%clk 0:15:47]} Nxf3+ {[%clk 0:43:44]} 21. Nxf3 {[%clk 0:16:05]} b6 {[%clk
0:37:44]} 22. Rc3 {[%clk 0:14:45]} a5 {[%clk 0:35:36]} 23. Nd2 {[%clk 0:14:45]}
Rf7 {[%clk 0:33:20]} 24. Rf3 {[%clk 0:10:59]} Qg5 {[%clk 0:32:03]} 25. Qe3 {[%clk
0:09:41]} Raf8 {[%clk 0:26:41]} 26. Kh2 {[%clk 0:07:37]} Qh5 {[%clk 0:25:40]} 27.
Re1 {[%clk 0:07:15]} g5 {[%clk 0:24:56]} 28. Ne4 {[%clk 0:07:29]} g4 {[%clk
0:24:30]} 29. Rg3 {[%clk 0:06:00]} Kh8 {[%clk 0:21:32]} 30. Be2 {[%clk 0:05:14]}
Rg7 {[%clk 0:19:19]} 31. Kg1 {[%clk 0:05:14]} Qh4 {[%clk 0:19:19]} 32. hxg4
{[%clk 0:05:11]} Bxg4 {[%clk 0:18:39]} 33. Bxg4 {[%clk 0:02:54]} Rxg4 {[%clk
0:19:01]} 34. Qf3 {[%clk 0:01:34]} Rg6 {[%clk 0:12:50]} 1/2-1/2

[Event "Greek Team Championship"]
[Site "chess24.com"]
[Date "2017.07.04"]
[Round "2"]
[White "Stojanovski, Dejan"]
[Black "Postny, Evgeny"]
[Result "1/2-1/2"]
[Board "2"]
[WhiteElo "2451"]
[WhiteTitle "IM"]
[WhiteCountry "MKD"]
[WhiteFideId "15000796"]
[WhiteEloChange "2"]
[BlackElo "2581"]
[BlackTitle "GM"]
[BlackCountry "ISR"]
[BlackFideId "2804344"]
[BlackEloChange "-2"]

1. d4 {[%clk 1:31:53]} d5 {[%clk 1:30:35]} 2. Nf3 {[%clk 1:32:16]} Nf6 {[%clk
1:30:25]} 3. c3 {[%clk 1:31:56]} g6 {[%clk 1:27:38]} 4. Bf4 {[%clk 1:29:59]} Bg7
{[%clk 1:28:00]} 5. h3 {[%clk 1:28:58]} O-O {[%clk 1:28:13]} 6. e3 {[%clk
1:28:28]} c5 {[%clk 1:28:04]} 7. Nbd2 {[%clk 1:21:29]} Qb6 {[%clk 1:23:05]} 8.
Qb3 {[%clk 1:20:49]} Nc6 {[%clk 1:22:55]} 9. Be2 {[%clk 1:18:42]} c4 {[%clk
1:20:45]} 10. Qxb6 {[%clk 1:08:51]} axb6 {[%clk 1:21:07]} 11. a3 {[%clk 1:09:10]}
b5 {[%clk 1:18:35]} 12. O-O {[%clk 1:09:03]} h6 {[%clk 1:10:41]} 13. Rac1 {[%clk
1:00:55]} g5 {[%clk 1:09:12]} 14. Bh2 {[%clk 0:58:11]} Bf5 {[%clk 1:09:04]} 15.
Rfe1 {[%clk 0:56:10]} Nd7 {[%clk 1:07:25]} 16. Bd1 {[%clk 0:53:54]} Bd3 {[%clk
1:05:25]} 17. Bc2 {[%clk 0:48:18]} Bxc2 {[%clk 1:05:48]} 18. Rxc2 {[%clk
0:48:43]} f5 {[%clk 1:06:02]} 19. Re2 {[%clk 0:43:04]} Kh7 {[%clk 1:02:09]} 20.
Ne1 {[%clk 0:35:00]} Rae8 {[%clk 1:00:47]} 21. Rc1 {[%clk 0:30:23]} f4 {[%clk
0:40:02]} 22. Ndf3 {[%clk 0:30:23]} e5 {[%clk 0:27:14]} 23. dxe5 {[%clk 0:24:15]}
Bxe5 {[%clk 0:27:16]} 24. Rd1 {[%clk 0:21:20]} Nb6 {[%clk 0:21:52]} 25. Nc2
{[%clk 0:20:37]} fxe3 {[%clk 0:18:05]} 26. Nxe5 {[%clk 0:18:07]} Rxf2 {[%clk
0:12:17]} 27. Rxf2 {[%clk 0:13:20]} exf2+ {[%clk 0:12:41]} 28. Kxf2 {[%clk
0:13:48]} Nxe5 {[%clk 0:13:05]} 29. Bxe5 {[%clk 0:11:51]} Rxe5 {[%clk 0:13:33]}
30. Nd4 {[%clk 0:12:17]} Na4 {[%clk 0:13:31]} 31. Rb1 {[%clk 0:08:19]} Nc5 {[%clk
0:13:05]} 32. Nxb5 {[%clk 0:08:33]} Nd3+ {[%clk 0:13:01]} 33. Kf1 {[%clk
0:08:29]} h5 {[%clk 0:06:14]} 34. Nd4 {[%clk 0:08:15]} g4 {[%clk 0:06:24]} 35.
hxg4 {[%clk 0:07:40]} hxg4 {[%clk 0:06:49]} 36. b3 {[%clk 0:07:22]} Kg6 {[%clk
0:06:44]} 37. bxc4 {[%clk 0:06:32]} dxc4 {[%clk 0:07:08]} 38. g3 {[%clk 0:35:33]}
Nc5 {[%clk 0:32:25]} 39. Rb4 {[%clk 0:34:31]} Ne4 {[%clk 0:32:37]} 40. Ne2 {[%clk
0:34:15]} b5 {[%clk 0:32:24]} 41. a4 {[%clk 0:31:54]} Rf5+ {[%clk 0:23:48]} 42.
Kg1 {[%clk 0:24:51]} bxa4 {[%clk 0:23:46]} 43. Rxa4 {[%clk 0:25:03]} Rc5 {[%clk
0:23:25]} 44. Ra8 {[%clk 0:21:14]} Nf6 {[%clk 0:20:24]} 1/2-1/2

[Event "Greek Team Championship"]
[Site "chess24.com"]
[Date "2017.07.04"]
[Round "2"]
[White "Stavrianakis, Ioannis"]
[Black "Iskos, Alexandros"]
[Result "1/2-1/2"]
[Board "3"]
[WhiteElo "2267"]
[WhiteTitle "FM"]
[WhiteCountry "GRE"]
[WhiteFideId "4208412"]
[WhiteEloChange "-3"]
[BlackElo "2169"]
[BlackCountry "GRE"]
[BlackFideId "4208676"]
[BlackEloChange "3"]

1. d4 {[%clk 1:30:55]} d5 {[%clk 1:30:53]} 2. c4 {[%clk 1:30:58]} dxc4 {[%clk
1:31:20]} 3. Nc3 {[%clk 1:31:14]} Nf6 {[%clk 1:31:40]} 4. e3 {[%clk 1:29:16]} e6
{[%clk 1:31:55]} 5. Bxc4 {[%clk 1:29:24]} a6 {[%clk 1:32:07]} 6. a4 {[%clk
1:16:09]} c5 {[%clk 1:32:30]} 7. Nf3 {[%clk 1:16:37]} Nc6 {[%clk 1:31:32]} 8. O-O
{[%clk 1:12:54]} Be7 {[%clk 1:30:40]} 9. dxc5 {[%clk 0:57:22]} Qxd1 {[%clk
1:22:52]} 10. Rxd1 {[%clk 0:57:46]} Bxc5 {[%clk 1:23:18]} 11. Ne2 {[%clk
0:55:59]} b6 {[%clk 1:20:03]} 12. Bd2 {[%clk 0:55:31]} Ne4 {[%clk 1:15:54]} 13.
Be1 {[%clk 0:55:43]} Bb7 {[%clk 1:15:00]} 14. Bd3 {[%clk 0:52:19]} Nb4 {[%clk
1:10:19]} 15. Bxb4 {[%clk 0:42:13]} Bxb4 {[%clk 1:10:43]} 16. Ne5 {[%clk
0:39:55]} Nc5 {[%clk 0:45:11]} 17. Bc4 {[%clk 0:39:43]} f6 {[%clk 0:32:17]} 18.
Nd3 {[%clk 0:39:23]} Nxd3 {[%clk 0:32:43]} 19. Rxd3 {[%clk 0:38:39]} e5 {[%clk
0:33:11]} 20. Ng3 {[%clk 0:34:51]} Rd8 {[%clk 0:30:13]} 21. Rxd8+ {[%clk
0:26:44]} Kxd8 {[%clk 0:30:39]} 22. Nh5 {[%clk 0:26:55]} Bf8 {[%clk 0:28:55]} 23.
Rd1+ {[%clk 0:26:24]} Ke7 {[%clk 0:26:56]} 24. Rd3 {[%clk 0:17:17]} g6 {[%clk
0:27:19]} 25. Ng3 {[%clk 0:17:36]} Ke8 {[%clk 0:27:09]} 26. Rb3 {[%clk 0:17:24]}
Bc5 {[%clk 0:27:36]} 27. a5 {[%clk 0:16:48]} Ke7 {[%clk 0:26:20]} 28. axb6 {[%clk
0:14:35]} Rd8 {[%clk 0:26:45]} 29. f3 {[%clk 0:14:23]} Rd6 {[%clk 0:23:00]} 30.
Ne4 {[%clk 0:13:10]} Bxe4 {[%clk 0:22:37]} 31. fxe4 {[%clk 0:13:39]} Rxb6 {[%clk
0:22:55]} 1/2-1/2

[Event "Greek Team Championship"]
[Site "chess24.com"]
[Date "2017.07.04"]
[Round "2"]
[White "Kalogridis, Themistoklis"]
[Black "Balokas, Dimitrios"]
[Result "0-1"]
[Board "4"]
[WhiteElo "1062"]
[WhiteCountry "GRE"]
[WhiteFideId "25841475"]
[WhiteEloChange "-2"]
[BlackElo "2219"]
[BlackCountry "GRE"]
[BlackFideId "4216920"]
[BlackEloChange "2"]

1. d4 {[%clk 1:30:57]} Nf6 {[%clk 1:30:46]} 2. c4 {[%clk 1:31:26]} e6 {[%clk
1:31:01]} 3. Nc3 {[%clk 1:31:50]} Bb4 {[%clk 1:31:20]} 4. e3 {[%clk 1:32:15]} b6
{[%clk 1:31:39]} 5. Ne2 {[%clk 1:32:38]} Bb7 {[%clk 1:31:56]} 6. a3 {[%clk
1:33:08]} Bd6 {[%clk 1:30:55]} 7. Ng3 {[%clk 1:32:34]} h5 {[%clk 1:31:14]} 8. h4
{[%clk 1:32:53]} Bxg3 {[%clk 1:31:17]} 9. fxg3 {[%clk 1:33:14]} Qe7 {[%clk
1:29:34]} 10. Qc2 {[%clk 1:32:20]} O-O {[%clk 1:26:04]} 11. Bd3 {[%clk 1:30:18]}
Qd6 {[%clk 1:21:26]} 12. Rh3 {[%clk 1:27:01]} a6 {[%clk 1:14:28]} 13. Ne4 {[%clk
1:26:33]} Nxe4 {[%clk 1:11:13]} 14. Bxe4 {[%clk 1:27:01]} Bxe4 {[%clk 1:11:25]}
15. Qxe4 {[%clk 1:27:27]} Qc6 {[%clk 1:11:26]} 16. Qf3 {[%clk 1:27:31]} Ra7
{[%clk 1:10:05]} 17. Qxc6 {[%clk 1:25:04]} Nxc6 {[%clk 1:10:19]} 18. b4 {[%clk
1:25:12]} b5 {[%clk 1:05:51]} 19. c5 {[%clk 1:24:41]} a5 {[%clk 1:06:04]} 20. Bb2
{[%clk 1:25:06]} axb4 {[%clk 1:05:36]} 21. axb4 {[%clk 1:25:15]} Rxa1+ {[%clk
1:05:56]} 22. Bxa1 {[%clk 1:25:39]} Nxb4 {[%clk 1:06:03]} 23. Kd2 {[%clk
1:26:00]} Ra8 {[%clk 1:05:51]} 24. Kc3 {[%clk 1:26:12]} Nd5+ {[%clk 1:06:08]} 25.
Kb2 {[%clk 1:25:42]} Nxe3 {[%clk 1:06:19]} 26. Rh2 {[%clk 1:26:08]} Nc4+ {[%clk
1:06:05]} 27. Kb1 {[%clk 1:24:35]} b4 {[%clk 1:05:34]} 28. Rh1 {[%clk 1:24:37]}
d5 {[%clk 1:03:01]} 29. cxd6 {[%clk 1:24:41]} cxd6 {[%clk 1:03:23]} 30. Rc1
{[%clk 1:24:51]} d5 {[%clk 1:03:42]} 31. Rd1 {[%clk 1:24:03]} b3 {[%clk 1:03:52]}
32. Rd3 {[%clk 1:24:26]} b2 {[%clk 1:04:04]} 0-1

[Event "Greek Team Championship"]
[Site "chess24.com"]
[Date "2017.07.04"]
[Round "2"]
[White "Hristodoulaki, Antonia"]
[Black "Amiridou, Dimitra"]
[Result "1-0"]
[Board "5"]
[WhiteElo "2032"]
[WhiteCountry "GRE"]
[WhiteFideId "4214935"]
[WhiteEloChange "4"]
[BlackElo "1803"]
[BlackCountry "GRE"]
[BlackFideId "4218230"]
[BlackEloChange "-4"]

1. e4 {[%clk 1:29:52]} c5 {[%clk 1:30:42]} 2. Nf3 {[%clk 1:30:14]} d6 {[%clk
1:31:04]} 3. d4 {[%clk 1:30:38]} cxd4 {[%clk 1:31:21]} 4. Qxd4 {[%clk 1:31:02]}
Bd7 {[%clk 1:30:58]} 5. c4 {[%clk 1:29:50]} Nc6 {[%clk 1:30:40]} 6. Qe3 {[%clk
1:30:09]} Nf6 {[%clk 1:28:01]} 7. h3 {[%clk 1:27:15]} g6 {[%clk 1:23:39]} 8. Be2
{[%clk 1:27:26]} Bg7 {[%clk 1:24:01]} 9. O-O {[%clk 1:27:39]} O-O {[%clk
1:17:52]} 10. Nc3 {[%clk 1:26:52]} Rc8 {[%clk 1:09:05]} 11. Rb1 {[%clk 1:26:00]}
Be6 {[%clk 0:55:39]} 12. b3 {[%clk 1:13:06]} Nd7 {[%clk 0:48:52]} 13. Nd5 {[%clk
1:01:36]} Nc5 {[%clk 0:34:05]} 14. Ba3 {[%clk 0:51:50]} f5 {[%clk 0:21:53]} 15.
exf5 {[%clk 0:42:25]} Bxf5 {[%clk 0:21:49]} 16. Rbd1 {[%clk 0:42:26]} Ne5 {[%clk
0:18:06]} 17. Nxe5 {[%clk 0:39:30]} Bxe5 {[%clk 0:18:25]} 18. f4 {[%clk 0:39:27]}
Bf6 {[%clk 0:17:39]} 19. g4 {[%clk 0:39:02]} Bd7 {[%clk 0:09:34]} 20. g5 {[%clk
0:38:22]} Bg7 {[%clk 0:05:14]} 21. Nxe7+ {[%clk 0:33:10]} Kh8 {[%clk 0:05:36]}
22. Nxc8 {[%clk 0:32:53]} Re8 {[%clk 0:05:03]} 23. Nxd6 {[%clk 0:32:35]} 1-0

[Event "Greek Team Championship"]
[Site "chess24.com"]
[Date "2017.07.04"]
[Round "2"]
[White "Tsolaki, Eleni"]
[Black "Grammatikaki, Aggeliki"]
[Result "1-0"]
[Board "6"]
[WhiteElo "1766"]
[WhiteCountry "GRE"]
[WhiteFideId "4218892"]
[WhiteEloChange "6"]
[BlackElo "1623"]
[BlackCountry "GRE"]
[BlackFideId "25802607"]
[BlackEloChange "-6"]

1. e4 {[%clk 1:30:57]} c5 {[%clk 1:30:42]} 2. Nf3 {[%clk 1:31:21]} e6 {[%clk
1:31:04]} 3. d4 {[%clk 1:31:43]} cxd4 {[%clk 1:31:29]} 4. Nxd4 {[%clk 1:32:10]}
Nc6 {[%clk 1:31:52]} 5. Nc3 {[%clk 1:32:33]} Qc7 {[%clk 1:32:10]} 6. Be3 {[%clk
1:31:59]} a6 {[%clk 1:32:28]} 7. Qd2 {[%clk 1:21:20]} Nf6 {[%clk 1:32:26]} 8. f3
{[%clk 1:15:01]} Ne5 {[%clk 1:30:44]} 9. Nb3 {[%clk 1:06:02]} Bb4 {[%clk
1:23:29]} 10. Bd4 {[%clk 1:04:45]} b5 {[%clk 1:11:08]} 11. Qg5 {[%clk 0:57:00]}
Ng6 {[%clk 0:56:28]} 12. a3 {[%clk 0:39:33]} Be7 {[%clk 0:45:42]} 13. Qe3 {[%clk
0:37:43]} Bb7 {[%clk 0:39:19]} 14. Bb6 {[%clk 0:33:22]} Qf4 {[%clk 0:34:32]} 15.
Na5 {[%clk 0:20:56]} Qxe3+ {[%clk 0:31:34]} 16. Bxe3 {[%clk 0:21:24]} Bc8 {[%clk
0:30:07]} 17. b4 {[%clk 0:17:34]} O-O {[%clk 0:26:32]} 18. Be2 {[%clk 0:16:05]}
Bd6 {[%clk 0:23:46]} 19. Bd4 {[%clk 0:15:00]} Be5 {[%clk 0:15:04]} 20. Rd1 {[%clk
0:13:59]} Rd8 {[%clk 0:11:56]} 21. Bxe5 {[%clk 0:12:30]} Nxe5 {[%clk 0:12:23]}
22. f4 {[%clk 0:11:32]} Ng6 {[%clk 0:12:02]} 23. e5 {[%clk 0:11:28]} Nd5 {[%clk
0:11:34]} 24. Nxd5 {[%clk 0:11:34]} exd5 {[%clk 0:11:56]} 25. O-O {[%clk
0:09:43]} Ne7 {[%clk 0:10:52]} 26. Bf3 {[%clk 0:09:23]} Ra7 {[%clk 0:08:18]} 27.
Bxd5 {[%clk 0:09:00]} Nxd5 {[%clk 0:07:39]} 28. Rxd5 {[%clk 0:09:29]} Bb7 {[%clk
0:04:53]} 29. Nxb7 {[%clk 0:07:34]} Rxb7 {[%clk 0:05:21]} 30. Rd6 {[%clk
0:07:57]} Rc7 {[%clk 0:04:00]} 31. Rxa6 {[%clk 0:05:43]} Rxc2 {[%clk 0:04:16]}
32. Rb6 {[%clk 0:05:30]} Ra2 {[%clk 0:03:53]} 33. Rf3 {[%clk 0:05:27]} Rc8 {[%clk
0:02:24]} 34. Rxb5 {[%clk 0:05:16]} Kf8 {[%clk 0:01:42]} 35. Rc5 {[%clk 0:03:14]}
Rxc5 {[%clk 0:01:42]} 36. bxc5 {[%clk 0:03:14]} Rc2 {[%clk 0:02:06]} 37. a4
{[%clk 0:02:45]} Rxc5 {[%clk 0:01:59]} 38. Ra3 {[%clk 0:02:48]} Ra5 {[%clk
0:01:51]} 39. Kf2 {[%clk 0:03:15]} Ke7 {[%clk 0:01:11]} 40. Ke3 {[%clk 0:33:25]}
d6 {[%clk 0:31:16]} 41. exd6+ {[%clk 0:33:10]} Kxd6 {[%clk 0:31:20]} 42. Kd4
{[%clk 0:33:04]} Kc6 {[%clk 0:24:28]} 43. Kc4 {[%clk 0:32:33]} Kb6 {[%clk
0:21:45]} 44. Rb3+ {[%clk 0:25:11]} Ka6 {[%clk 0:21:02]} 45. Kb4 {[%clk 0:24:02]}
Rd5 {[%clk 0:20:02]} 46. Rc3 {[%clk 0:22:47]} Rd4+ {[%clk 0:20:10]} 47. Rc4
{[%clk 0:22:46]} Rd2 {[%clk 0:20:21]} 48. Rc7 {[%clk 0:22:00]} Rd4+ {[%clk
0:20:40]} 49. Rc4 {[%clk 0:20:55]} Rd2 {[%clk 0:21:01]} 50. g3 {[%clk 0:15:15]}
Rb2+ {[%clk 0:18:39]} 51. Kc5 {[%clk 0:15:01]} Rxh2 {[%clk 0:17:32]} 52. Kd6
{[%clk 0:14:17]} Rg2 {[%clk 0:15:25]} 53. Rc3 {[%clk 0:14:31]} Re2 {[%clk
0:11:18]} 54. Rc7 {[%clk 0:11:46]} Re6+ {[%clk 0:10:25]} 55. Kd5 {[%clk 0:10:57]}
Re3 {[%clk 0:08:54]} 56. g4 {[%clk 0:10:46]} Ra3 {[%clk 0:08:39]} 57. Rxf7 {[%clk
0:10:30]} Rxa4 {[%clk 0:08:53]} 58. Ke5 {[%clk 0:10:12]} g5 {[%clk 0:04:45]} 59.
f5 {[%clk 0:08:18]} Rxg4 {[%clk 0:03:09]} 60. Rxh7 {[%clk 0:08:36]} Rh4 {[%clk
0:02:11]} 61. Rxh4 {[%clk 0:08:16]} gxh4 {[%clk 0:02:39]} 62. Kf4 {[%clk
0:08:33]} Kb6 {[%clk 0:02:49]} 63. f6 {[%clk 0:08:59]} h3 {[%clk 0:03:07]} 64.
Kg3 {[%clk 0:09:24]} Kc6 {[%clk 0:03:09]} 65. f7 {[%clk 0:09:50]} h2 {[%clk
0:03:28]} 66. Kxh2 {[%clk 0:10:12]} 1-0

[Event "Greek Team Championship"]
[Site "chess24.com"]
[Date "2017.07.04"]
[Round "2"]
[White "Kalyva, Kyriaki"]
[Black "Galani, Dimitra"]
[Result "1-0"]
[Board "7"]
[WhiteElo "1633"]
[WhiteCountry "GRE"]
[WhiteFideId "4271181"]
[WhiteEloChange "6"]
[BlackElo "1501"]
[BlackCountry "GRE"]
[BlackFideId "4283368"]
[BlackEloChange "-6"]

1. d4 {[%clk 1:30:57]} e6 {[%clk 1:30:48]} 2. c4 {[%clk 1:31:16]} b6 {[%clk
1:31:12]} 3. e4 {[%clk 1:31:07]} Bb7 {[%clk 1:31:20]} 4. Bd3 {[%clk 1:30:57]} Nc6
{[%clk 1:30:36]} 5. Ne2 {[%clk 1:29:06]} Nb4 {[%clk 1:30:25]} 6. a3 {[%clk
1:24:56]} Nxd3+ {[%clk 1:29:24]} 7. Qxd3 {[%clk 1:25:18]} d6 {[%clk 1:25:37]} 8.
O-O {[%clk 1:23:03]} Nf6 {[%clk 1:25:28]} 9. Nbc3 {[%clk 1:22:29]} Be7 {[%clk
1:24:38]} 10. f4 {[%clk 1:17:47]} c5 {[%clk 1:19:59]} 11. d5 {[%clk 1:13:46]}
exd5 {[%clk 1:18:18]} 12. cxd5 {[%clk 1:14:05]} O-O {[%clk 1:18:37]} 13. Ng3
{[%clk 1:13:15]} Re8 {[%clk 1:18:38]} 14. Bd2 {[%clk 1:05:25]} Bf8 {[%clk
1:17:12]} 15. Rae1 {[%clk 0:58:52]} Qc8 {[%clk 1:16:31]} 16. a4 {[%clk 0:52:36]}
g6 {[%clk 1:10:45]} 17. e5 {[%clk 0:42:54]} dxe5 {[%clk 1:08:22]} 18. fxe5 {[%clk
0:42:56]} Ng4 {[%clk 1:08:35]} 19. e6 {[%clk 0:36:31]} fxe6 {[%clk 0:55:54]} 20.
Qf3 {[%clk 0:35:45]} e5 {[%clk 0:50:03]} 21. h3 {[%clk 0:35:45]} Nh6 {[%clk
0:50:19]} 22. Nge4 {[%clk 0:35:45]} Kh8 {[%clk 0:47:58]} 23. Bxh6 {[%clk
0:34:23]} Bxh6 {[%clk 0:48:20]} 24. Nd6 {[%clk 0:34:30]} Qd7 {[%clk 0:47:40]} 25.
Nf7+ {[%clk 0:33:55]} Kg8 {[%clk 0:45:50]} 26. Nxh6+ {[%clk 0:34:14]} Kh8 {[%clk
0:46:00]} 27. Qf6+ {[%clk 0:34:13]} Qg7 {[%clk 0:46:17]} 28. Qxg7+ {[%clk
0:34:19]} Kxg7 {[%clk 0:46:45]} 29. Rf7+ {[%clk 0:34:38]} Kxh6 {[%clk 0:47:05]}
30. Rxb7 {[%clk 0:35:00]} 1-0

[Event "Greek Team Championship"]
[Site "chess24.com"]
[Date "2017.07.04"]
[Round "2"]
[White "Paterakis, Emmanouil"]
[Black "Ladopoulos, Dimitrios"]
[Result "1-0"]
[Board "8"]
[WhiteElo "1857"]
[WhiteCountry "GRE"]
[WhiteFideId "4259718"]
[WhiteEloChange "18"]
[BlackElo "2229"]
[BlackCountry "GRE"]
[BlackFideId "4239580"]
[BlackEloChange "-18"]

1. e4 {[%clk 1:30:48]} d6 {[%clk 1:29:48]} 2. d4 {[%clk 1:30:42]} Nf6 {[%clk
1:29:40]} 3. f3 {[%clk 1:30:51]} Nbd7 {[%clk 1:25:54]} 4. Be3 {[%clk 1:29:09]} g6
{[%clk 1:23:33]} 5. Qd2 {[%clk 1:26:33]} Bg7 {[%clk 1:15:00]} 6. Bd3 {[%clk
1:16:14]} e5 {[%clk 1:13:22]} 7. d5 {[%clk 1:11:47]} O-O {[%clk 1:11:29]} 8. Ne2
{[%clk 1:07:23]} Nh5 {[%clk 1:04:13]} 9. Nbc3 {[%clk 1:05:48]} f5 {[%clk
1:04:07]} 10. exf5 {[%clk 1:03:00]} gxf5 {[%clk 1:01:44]} 11. O-O-O {[%clk
1:03:22]} Ndf6 {[%clk 0:51:26]} 12. Ng3 {[%clk 0:56:50]} Nxg3 {[%clk 0:41:23]}
13. hxg3 {[%clk 0:57:14]} c5 {[%clk 0:41:21]} 14. Bh6 {[%clk 0:51:20]} Bxh6
{[%clk 0:27:46]} 15. Rxh6 {[%clk 0:49:57]} Qe7 {[%clk 0:26:46]} 16. Rdh1 {[%clk
0:45:39]} a6 {[%clk 0:26:14]} 17. g4 {[%clk 0:43:16]} e4 {[%clk 0:14:14]} 18. g5
{[%clk 0:38:57]} Nd7 {[%clk 0:11:59]} 19. fxe4 {[%clk 0:37:31]} Ne5 {[%clk
0:08:59]} 20. g6 {[%clk 0:32:22]} Nxg6 {[%clk 0:05:50]} 21. Rxh7 {[%clk 0:32:11]}
Qf6 {[%clk 0:03:31]} 22. Qh6 {[%clk 0:28:51]} fxe4 {[%clk 0:01:35]} 23. Bxe4
{[%clk 0:26:44]} 1-0

[Event "Greek Team Championship"]
[Site "chess24.com"]
[Date "2017.07.04"]
[Round "2"]
[White "Triantos, Konstantinos"]
[Black "Triantafilidis, Mihail"]
[Result "1-0"]
[Board "9"]
[WhiteElo "2045"]
[WhiteCountry "GRE"]
[WhiteFideId "4274300"]
[WhiteEloChange "6"]
[BlackElo "1900"]
[BlackCountry "GRE"]
[BlackFideId "4282930"]
[BlackEloChange "-6"]

1. e4 {[%clk 1:30:22]} d6 {[%clk 1:30:56]} 2. d4 {[%clk 1:29:35]} Nf6 {[%clk
1:31:18]} 3. Nc3 {[%clk 1:29:18]} c6 {[%clk 1:31:44]} 4. f3 {[%clk 1:27:33]} Nbd7
{[%clk 1:21:54]} 5. Be3 {[%clk 1:27:34]} Qc7 {[%clk 1:22:19]} 6. a4 {[%clk
1:25:36]} e5 {[%clk 1:22:18]} 7. Bc4 {[%clk 1:22:54]} Be7 {[%clk 1:21:02]} 8.
Nge2 {[%clk 1:22:43]} O-O {[%clk 1:17:01]} 9. O-O {[%clk 1:22:29]} Rd8 {[%clk
1:16:17]} 10. Qe1 {[%clk 1:15:17]} d5 {[%clk 1:05:10]} 11. exd5 {[%clk 1:10:15]}
Nb6 {[%clk 1:01:27]} 12. Bb3 {[%clk 1:07:26]} Nbxd5 {[%clk 1:01:32]} 13. Nxd5
{[%clk 1:06:36]} Nxd5 {[%clk 1:01:57]} 14. Bf2 {[%clk 1:06:10]} Bf6 {[%clk
0:57:29]} 15. Rd1 {[%clk 1:03:07]} Be6 {[%clk 0:49:00]} 16. Ng3 {[%clk 0:57:02]}
exd4 {[%clk 0:32:00]} 17. Bxd4 {[%clk 0:57:31]} Qf4 {[%clk 0:32:07]} 18. Qf2
{[%clk 0:53:20]} Rac8 {[%clk 0:19:57]} 19. Bxa7 {[%clk 0:47:56]} Bxb2 {[%clk
0:19:09]} 20. c4 {[%clk 0:47:54]} Ne3 {[%clk 0:12:13]} 21. Bxe3 {[%clk 0:47:13]}
Qe5 {[%clk 0:12:41]} 22. Ne4 {[%clk 0:45:29]} f5 {[%clk 0:12:32]} 23. Nc5 {[%clk
0:44:40]} f4 {[%clk 0:12:37]} 24. Bxf4 {[%clk 0:44:10]} Rxd1 {[%clk 0:12:38]} 25.
Rxd1 {[%clk 0:44:13]} Qxf4 {[%clk 0:12:52]} 26. Nxe6 {[%clk 0:42:29]} Qe5 {[%clk
0:13:08]} 27. c5 {[%clk 0:42:11]} Kh8 {[%clk 0:13:34]} 28. Nd8 {[%clk 0:41:56]}
Qf6 {[%clk 0:13:35]} 29. Nf7+ {[%clk 0:42:20]} Kg8 {[%clk 0:14:02]} 30. Nd6+
{[%clk 0:42:23]} 1-0

[Event "Greek Team Championship"]
[Site "chess24.com"]
[Date "2017.07.04"]
[Round "2"]
[White "Kalogridis, Antonios"]
[Black "Nikolakopoulos, Dimitrios"]
[Result "0-1"]
[Board "10"]
[WhiteElo "1492"]
[WhiteCountry "GRE"]
[WhiteFideId "25833901"]
[WhiteEloChange "-15"]
[BlackElo "1280"]
[BlackCountry "GRE"]
[BlackFideId "25825135"]
[BlackEloChange "15"]

1. d4 {[%clk 1:30:55]} Nf6 {[%clk 1:30:30]} 2. c4 {[%clk 1:31:12]} g6 {[%clk
1:31:01]} 3. Nc3 {[%clk 1:31:31]} Bg7 {[%clk 1:31:23]} 4. e4 {[%clk 1:31:50]} d6
{[%clk 1:31:36]} 5. Nf3 {[%clk 1:32:08]} O-O {[%clk 1:31:36]} 6. h3 {[%clk
1:32:25]} Na6 {[%clk 1:32:14]} 7. Bg5 {[%clk 1:32:38]} c6 {[%clk 1:32:36]} 8. g4
{[%clk 1:30:35]} Qc7 {[%clk 1:20:36]} 9. Be2 {[%clk 1:28:49]} e5 {[%clk 1:16:25]}
10. d5 {[%clk 1:28:05]} Nc5 {[%clk 1:16:22]} 11. Nd2 {[%clk 1:28:19]} a5 {[%clk
1:16:13]} 12. h4 {[%clk 1:23:06]} Qb6 {[%clk 1:16:13]} 13. Rb1 {[%clk 1:23:06]}
Nxg4 {[%clk 1:02:59]} 14. Bxg4 {[%clk 1:21:01]} Nd3+ {[%clk 1:02:30]} 15. Ke2
{[%clk 1:21:17]} Bxg4+ {[%clk 1:01:32]} 16. f3 {[%clk 1:21:33]} Nf2 {[%clk
1:01:04]} 17. Qg1 {[%clk 1:21:41]} Bh5 {[%clk 0:31:57]} 18. Be7 {[%clk 1:21:39]}
Rfe8 {[%clk 0:31:42]} 19. Bxd6 {[%clk 1:21:56]} c5 {[%clk 0:31:16]} 20. Nb5
{[%clk 1:22:15]} Nxh1 {[%clk 0:31:07]} 21. Bxc5 {[%clk 1:21:40]} Qd8 {[%clk
0:29:06]} 22. Qxh1 {[%clk 1:22:00]} Bf8 {[%clk 0:27:14]} 23. d6 {[%clk 1:21:41]}
b6 {[%clk 0:26:51]} 24. Ba3 {[%clk 1:22:01]} Rc8 {[%clk 0:24:41]} 25. Rd1 {[%clk
1:21:59]} Qd7 {[%clk 0:20:36]} 26. b3 {[%clk 1:21:17]} Red8 {[%clk 0:16:52]} 27.
Nf1 {[%clk 1:21:16]} Kh8 {[%clk 0:12:26]} 28. Ne3 {[%clk 1:21:13]} f5 {[%clk
0:05:04]} 29. exf5 {[%clk 1:21:11]} e4 {[%clk 0:04:35]} 30. Kf2 {[%clk 1:16:47]}
Bxf3 {[%clk 0:03:49]} 31. Qe1 {[%clk 1:16:20]} Bxd1 {[%clk 0:03:40]} 32. Bb2+
{[%clk 1:16:27]} Kg8 {[%clk 0:03:19]} 33. Qc3 {[%clk 1:16:49]} Qg7 {[%clk
0:03:04]} 34. Qd2 {[%clk 1:16:07]} Qf7 {[%clk 0:02:28]} 35. Qd4 {[%clk 1:15:08]}
Bg7 {[%clk 0:02:01]} 36. Qxg7+ {[%clk 1:15:28]} Qxg7 {[%clk 0:02:20]} 37. Bxg7
{[%clk 1:15:52]} Kxg7 {[%clk 0:02:45]} 38. Nxd1 {[%clk 1:16:12]} gxf5 {[%clk
0:02:56]} 39. Ne3 {[%clk 1:16:07]} Rc5 {[%clk 0:01:51]} 40. Nd4 {[%clk 1:45:59]}
Kf6 {[%clk 0:31:25]} 41. Nd5+ {[%clk 1:46:02]} Rxd5 {[%clk 0:31:36]} 0-1